00696nam a2200217 a 450000100100000000500170001000800410002702000170006804000250008508200200011010000270013024500430015726000520020030000280025249000140028050000580029450000610035265000240041365000270043783000140046400000948420240412074211.0090930s2000 dr a 000 p spa d z999340000024 aDO-SdBNPbspacBNPHU aRD861.44bA661L1 aArambilet, Luisd1957-13aEl libro de las pasiones /cArambilet. aSanto Domingo :bFundación Barlovento,c2000. a264 p. :bil. ;c18 cm.1 aEditorial aLibro dedicado a la memoria de Publio Ovidio Nasón. aIncluye datos bigráficos del autor en la contraportada 0aPoesía dominicana 0aLiteratura dominicana. 0aEditorial